हिंदी निबंध सौरभ / (Record no. 118970)

MARC details
000 -LEADER
fixed length control field 01038nam a22002537a 4500
005 - DATE AND TIME OF LATEST TRANSACTION
control field 20170124103124.0
010 ## - LIBRARY OF CONGRESS CONTROL NUMBER
LC control number B-015160
020 ## - INTERNATIONAL STANDARD BOOK NUMBER
Terms of availability 100.00
International Standard Book Number 8185826536
035 ## - SYSTEM CONTROL NUMBER
System control number B-015160
037 ## - SOURCE OF ACQUISITION
Source of stock number/acquisition Cen Lib/Ret
040 ## - CATALOGING SOURCE
Original cataloging agency DPL
Language of cataloging HN
082 ## - DEWEY DECIMAL CLASSIFICATION NUMBER
Classification number 808.4
Item number कपूर
100 ## - MAIN ENTRY--PERSONAL NAME
Personal name कपूर, श्यामचन्द्र
9 (RLIN) 45637
245 ## - TITLE STATEMENT
Title हिंदी निबंध सौरभ /
Statement of responsibility, etc श्यामचन्द्र कपूर
246 ## - VARYING FORM OF TITLE
Title proper/short title Hindi nibandh sourabh
Remainder of title by Shyamchandra Kapoor
260 ## - PUBLICATION, DISTRIBUTION, ETC. (IMPRINT)
Place of publication, distribution, etc नई दिल्ली
Name of publisher, distributor, etc ग्रन्थ अकादेमी
Date of publication, distribution, etc 2000
270 ## - ADDRESS
Address 1686,पुराना दरिया गंज
City नई दिल्ली
Postal code 110002
300 ## - PHYSICAL DESCRIPTION
Extent 154पृष्ठ.
Dimensions 20सेमी(सजिल्द)
650 ## - SUBJECT ADDED ENTRY--TOPICAL TERM
Topical term or geographic name as entry element हिंदी साहित्य
9 (RLIN) 82743
650 ## - SUBJECT ADDED ENTRY--TOPICAL TERM
Topical term or geographic name as entry element हिंदी निबंध
9 (RLIN) 82744
650 ## - SUBJECT ADDED ENTRY--TOPICAL TERM
Topical term or geographic name as entry element hindi literature
9 (RLIN) 82745
650 ## - SUBJECT ADDED ENTRY--TOPICAL TERM
Topical term or geographic name as entry element Hindi Essay
9 (RLIN) 82746
942 ## - ADDED ENTRY ELEMENTS (KOHA)
Source of classification or shelving scheme Dewey Decimal Classification
Koha item type Hindi Books
Classification part 808.4
Call number suffix कपूर
Holdings
Withdrawn status Lost status Damaged status Not for loan Home library Current library Date acquired Source of acquisition Cost, normal purchase price Total Checkouts Full call number Barcode Date last seen Copy number Cost, replacement price Price effective from Koha item type
        Central Library Central Library 14/09/2015 Cen Lib/Ret 100.00   808.4 कपूर B-015160 14/09/2015 1 100.00 14/09/2015 Hindi Books

© Delhi Public Library
Hit Counter
free hit counter